Estadística de la Educación Superior 1978 /

Salvato in:
Dettagli Bibliografici
Ente Autore: Consejo Nacional de Rectores
Natura: testo
Pubblicazione: San José, C.R.: OPES
Soggetti:
Tags: Aggiungi Tag
Nessun Tag, puoi essere il primo ad aggiungerne!!

MARC

LEADER 00000 a a2200000 04500
001 46175
003
040
020 |a 1409-2964  
090 |a REV0801 (06) 1980  
110 |a Consejo Nacional de Rectores  
245 |a Estadística de la Educación Superior 1978 /  |c Consejo Nacional de Rectores  
260 |a San José, C.R.:   |b OPES  
650 |a EDUCACION SUPERIOR  
650 |a ESTADISTICA DE LA EDUCACION  
650 |a UNIVERSIDADES  
650 |a COSTA RICA  
773 |g número6 (1980), 116 páginas  
999 |c 27016  |d 27016